Practical approach to deeds and documents : along with exhausitive model forms (Record no. 5762)

MARC details
000 -LEADER
fixed length control field 00438nam a22001337a 4500
008 - FIXED-LENGTH DATA ELEMENTS--GENERAL INFORMATION
fixed length control field 131013b xxu||||| |||| 00| 0 eng d
020 ## - INTERNATIONAL STANDARD BOOK NUMBER
International Standard Book Number 8-1803-8166-8
082 ## - DEWEY DECIMAL CLASSIFICATION NUMBER
Classification number 347 BHA
Item number BHA
100 ## - MAIN ENTRY--PERSONAL NAME
Personal name Bhandari, M.C.
245 ## - TITLE STATEMENT
Title Practical approach to deeds and documents : along with exhausitive model forms
Statement of responsibility, etc Along with exhausitive model forms.
260 ## - PUBLICATION, DISTRIBUTION, ETC. (IMPRINT)
Place of publication, distribution, etc New Delhi
Name of publisher, distributor, etc Ashoka law house
Date of publication, distribution, etc 2012.
300 ## - PHYSICAL DESCRIPTION
Extent xxiv,684P.
Dimensions 22cm.
942 ## - ADDED ENTRY ELEMENTS (KOHA)
Source of classification or shelving scheme Dewey Decimal Classification
Item type Books
Holdings
Withdrawn status Lost status Source of classification or shelving scheme Damaged status Not for loan Home library Current library Shelving location Date acquired Total Checkouts Full call number Barcode Date last seen Copy number Price effective from Koha item type Public note
    Dewey Decimal Classification     Law Development Centre Main Library Law Development Centre Main Library Text Books and Laws 10/22/2013   347 BHA 8038/2013 10/22/2013 1a 10/22/2013 Books reserve